Fundamentals of soil dynamics and earthquake engineering (Record no. 869)

000 -LEADER
fixed length control field 00587nam a22002057a 4500
001 - CONTROL NUMBER
control field 869
003 - CONTROL NUMBER IDENTIFIER
control field BD-DhUET
008 - FIXED-LENGTH DATA ELEMENTS--GENERAL INFORMATION
fixed length control field 140824b xxu||||| |||| 00| 0 eng d
020 ## - INTERNATIONAL STANDARD BOOK NUMBER
International Standard Book Number 9788120326705
040 ## - CATALOGING SOURCE
Transcribing agency 0
Modifying agency BD-DhUET
082 ## - DEWEY DECIMAL CLASSIFICATION NUMBER
Classification number 624.176
Item number PRA/2009
100 ## - MAIN ENTRY--PERSONAL NAME
Personal name Prasad, Bharfat Bhushan
245 ## - TITLE STATEMENT
Title Fundamentals of soil dynamics and earthquake engineering
Statement of responsibility, etc. by Bharat Bhushan Prasad
250 ## - EDITION STATEMENT
Edition statement 1st ed.
260 ## - PUBLICATION, DISTRIBUTION, ETC. (IMPRINT)
Place of publication, distribution, etc. New Delhi
Name of publisher, distributor, etc. PHI Learning,
Date of publication, distribution, etc. 2009
300 ## - PHYSICAL DESCRIPTION
Extent xv,566p.
504 ## - BIBLIOGRAPHY, ETC. NOTE
Bibliography, etc Includes bibliographies
650 #0 - SUBJECT ADDED ENTRY--TOPICAL TERM
Topical term or geographic name as entry element Earthquake engineering-Soil behaviour
942 ## - ADDED ENTRY ELEMENTS (KOHA)
Koha item type General Book
Holdings
Koha date last borrowed Damaged status Koha date last seen Lost status Piece designation (barcode) Shelving location Sublocation or collection (holding branch) Price effective from Location (home branch) Copy number Not for loan Koha normalized classification for sorting Koha full call number Withdrawn status Koha issues (times borrowed) Source of classification or shelving scheme Date acquired Koha item type
  2014-08-24 109152Circulation sectionCentral Library, BUET2014-08-24Central Library, BUET1 624_000000000000000_176PRA2009624.176/PRA/2009   2014-08-24General Book
2024-01-29 2025-08-02 109153Circulation sectionCentral Library, BUET2014-08-24Central Library, BUET2 624_000000000000000_176PRA2009624.176/PRA/2009 1 2014-08-24General Book
  2017-09-23 115793Circulation sectionCentral Library, BUET2017-09-23Central Library, BUET3 624_176000000000000_PRA_2009624.176 PRA/2009   2017-09-23General Book